000 01024nam a2200301 i 4500
001 000027963
003 DO-SdBNP
005 20241121101720.0
007 ta
008 110406s1973 dr ab 000 0 spa d
040 _aDO-SdBNP
_bspa
_cBNPHU
_erda
041 _hspa
082 _axxx
_bV443p
_222
100 1 _aVeloz Maggiolo, Marcio,
_d1936-2021
_eautor
_91104
245 1 0 _aEl preceramico de Santo Domingo, nuevos lugares, y su posible relación con otros puntos del área antillana /
_cMarcio Veloz Maggiolo, Elpidio Ortega.
264 _aSanto Domingo :
_bMuseo del Hombre Dominicano,
_c1973.
300 _a61 páginas :
_bilustraciones mapas ;
_c27 cm.
336 _ardacontent
_btexto
_2txt
337 _ardamedia
_bsin mediación
_2n
338 _ardacarrier
_bvolumen
_2nc
490 1 _aPapeles ocasionales
_v1
504 _aBibliografía : página 14
590 _aInventariado, 2024/DG
700 1 _aOrtega, Elpidio
_916002
830 0 _aPapeles ocasionales ;
_v1
_955032
910 _aDG
942 _2ddc
_cLBS1
999 _c27455
_d27455